Bảo vệ quyền lợi người thứ ba ngay tình khi giao dịch dân sự vô hiệu Luận văn thạc sĩ. Chuyên ngành: Luật Dân sự và Tố tụng Dân sự. Mã ngành: 8340103

שמור ב:
מידע ביבליוגרפי
מחבר ראשי: Phan, Thanh Mộng Quyền
Nhiều tác giả của công ty: Ủy ban Nhân dân tỉnh Trà Vinh, Trường Đại học Trà Vinh
מחברים אחרים: Phan Thanh Mộng Quyền; Bùi Kim Hiếu
שפה:Undetermined
יצא לאור: Trà Vinh Trường Đại học Trà Vinh 2019
נושאים:
תגים: הוספת תג
אין תגיות, היה/י הראשונ/ה לתייג את הרשומה!
Thư viện lưu trữ: Trung tâm Học liệu Trường Đại học Trà Vinh
LEADER 01053nam a2200277Ia 4500
001 TVU_32033
008 210423s9999 xx 000 0 und d
041 |a Vie 
082 |a 346.59702 
082 |b Qu603 
100 |a Phan, Thanh Mộng Quyền 
245 0 |a Bảo vệ quyền lợi người thứ ba ngay tình khi giao dịch dân sự vô hiệu 
245 0 |b Luận văn thạc sĩ. Chuyên ngành: Luật Dân sự và Tố tụng Dân sự. Mã ngành: 8340103 
245 0 |c Phan Thanh Mộng Quyền ; Bùi Kim Hiếu (hướng dẫn khoa học) 
260 |a Trà Vinh 
260 |b Trường Đại học Trà Vinh 
260 |c 2019 
300 |a vii, 66 tr. 
300 |c 30 cm 
504 |a Thư mục: tr.1-3 
650 |a Luật dân sự; Trách nhiệm pháp lý (Luật) 
700 |a Phan Thanh Mộng Quyền; Bùi Kim Hiếu  
700 |e hướng dẫn khoa học 
710 |a Ủy ban Nhân dân tỉnh Trà Vinh 
710 |b Trường Đại học Trà Vinh 
980 |a Trung tâm Học liệu Trường Đại học Trà Vinh